000
00300nam a22001337a 4500
003
SGT
020
_a
938426633-7
082
_a
615.1
_b
GAR
100
_a
GARG, DR. RAJEEV
245
_a
INDUSTRIAL PHARMACY -I
260
_a
INDIA
_b
BIRLA PUB.
_c
2026
650
_a
INDUSTRIAL PHARMACY
942
_2
ddc
_c
BK
999
_c
33064
_d
33064